[Event "Titled Tuesday intern op 14th Nov Early"]
[Site "Chess.com INT"]
[Date "2023.11.14"]
[Round "2"]
[White "Yen, William"]
[Black "Le, Tuan Minh"]
[Result "0-1"]
[WhiteElo "2056"]
[BlackElo "2567"]
[PlyCount "140"]
[EventDate "2023.11.14"]
[EventType "swiss (blitz)"]
[EventRounds "11"]
[EventCountry "USA"]
[SourceTitle "CB47_2023"]
[SourceDate "2023.11.22"]
[SourceVersion "1"]
[SourceVersionDate "2023.11.22"]
[SourceQuality "1"]

1. d3 e5 2. Nf3 Nc6 3. g3 g6 4. Bg2 Bg7 5. 0-0 Nge7 6. c4 0-0 7. Nc3 d6 8. e4 h6 9. h3 Be6 10. Nd5 Qd7 11. Kh2 f5 12. a3 Rf7 13. b4 Raf8 14. b5 Nd8 15. Nh4 Kh7 16. Nxe7 Rxe7 17. exf5 gxf5 18. Ra2 Bf7 19. f4 e4 20. g4 fxg4 21. hxg4 exd3 22. Qxd3+ Kh8 23. g5 Qg4 24. Qg3 Qxg3+ 25. Kxg3 hxg5 26. fxg5 Kg8 27. Rc2 Ne6 28. g6 Be5+ 29. Kg4 Be8 30. Bg5 Nxg5 31. Kxg5 Rxf1 32. Bxf1 Bd4 33. Bd3 Be3+ 34. Kg4 Bd7+ 35. Kf3 Bg5 36. Nf5 Re5 37. Kg4 Bf6 38. Rf2 c6 39. Kg3 Bxf5 40. Rxf5 Re6 41. bxc6 bxc6 42. Kf3 Kg7 43. Be4 Re7 44. Rf4 Rb7 45. Rg4 Rb3+ 46. Ke2 Rxa3 47. Bf5 Ra2+ 48. Kd3 Ra3+ 49. Kc2 Rc3+ 50. Kd2 a5 51. Re4 Rf3 52. Bg4 Rf2+ 53. Re2 Rf4 54. Bd7 Rxc4 55. Be8 a4 56. Bf7 Rd4+ 57. Kc2 a3 58. Rh2 Be5 59. Rh7+ Kf8 60. Rh5 Rg4 61. Rf5 Kg7 62. Kb3 Rg3+ 63. Ka2 Bb2 64. Rf2 d5 65. Rc2 Bc3 66. Kb3 Be5+ 67. Ka2 Bd6 68. Rxc6 Rg2+ 69. Kb1 a2+ 70. Ka1 Be5+ 0-1

[Event "Titled Tuesday intern op 24th Oct Late"]
[Site "Chess.com INT"]
[Date "2023.10.24"]
[Round "2"]
[White "Kostiukov, Alexandr"]
[Black "Yen, William"]
[Result "1-0"]
[WhiteElo "2271"]
[BlackElo "2056"]
[PlyCount "37"]
[EventDate "2023.10.24"]
[EventType "swiss (blitz)"]
[EventRounds "11"]
[EventCountry "USA"]
[SourceTitle "Mega2024 Update 01"]
[Source "Chessbase"]
[SourceDate "2023.11.12"]
[SourceVersion "1"]
[SourceVersionDate "2023.11.12"]
[SourceQuality "1"]

1. g3 d5 2. Bg2 c5 3. d3 Nc6 4. e4 d4 5. f4 f6 6. Nf3 e5 7. 0-0 Be6 8. fxe5 fxe5 9. Ng5 Qd7 10. c3 Nf6 11. Nxe6 Qxe6 12. cxd4 Nxd4 13. Nc3 Kd8 14. Nd5 h6 15. Be3 Rc8 16. Bxd4 cxd4 17. Nxf6 gxf6 18. Qh5 Be7 19. Bh3 1-0

[Event "Titled Tuesday intern op 19th Sep Early"]
[Site "Chess.com INT"]
[Date "2023.09.19"]
[Round "9"]
[White "Srihari, LR."]
[Black "Yen, William"]
[Result "0-1"]
[WhiteElo "2444"]
[BlackElo "2056"]
[PlyCount "92"]
[EventDate "2023.09.19"]
[EventType "swiss (blitz)"]
[EventRounds "11"]
[EventCountry "USA"]
[SourceTitle "EXT 2024"]
[Source "ChessBase"]
[SourceDate "2023.10.10"]
[SourceVersion "1"]
[SourceVersionDate "2023.10.10"]
[SourceQuality "1"]

1. Nf3 Nf6 2. c4 g6 3. b4 e5 4. Nxe5 Bxb4 5. a3 Be7 6. Bb2 0-0 7. e3 d6 8. Nf3 Nbd7 9. d4 Re8 10. Bd3 d5 11. 0-0 c6 12. Nc3 Bf8 13. cxd5 cxd5 14. Qb3 Nb6 15. a4 Be6 16. Ba3 Bxa3 17. Qxa3 Qe7 18. Nb5 a6 19. Qxe7 Rxe7 20. Na3 Nxa4 21. Ne5 b5 22. Nc2 Ne4 23. Nb4 Nd2 24. Rfd1 Nc4 25. Bxc4 dxc4 26. d5 Bd7 27. f4 f6 28. d6 Rg7 29. Nxd7 Rxd7 30. e4 Nc3 31. Nd5 Nxd5 32. Rxd5 Kf7 33. e5 fxe5 34. fxe5 Ke6 35. Rc5 Rb7 36. Rf1 Rf7 37. Rxf7 Kxf7 38. Rc7+ Ke6 39. Re7+ Kd5 40. d7 Rd8 41. e6 c3 42. Re8 c2 43. Rxd8 c1Q+ 44. Kf2 Qf4+ 45. Ke2 Qe5+ 46. Kf1 Qf6+ 0-1

[Event "Titled Tuesday intern op 19th Sep Early"]
[Site "Chess.com INT"]
[Date "2023.09.19"]
[Round "1"]
[White "Yen, William"]
[Black "Heinechen, John"]
[Result "1-0"]
[WhiteElo "2056"]
[BlackElo "1957"]
[PlyCount "103"]
[EventDate "2023.09.19"]
[EventType "swiss (blitz)"]
[EventRounds "11"]
[EventCountry "USA"]
[SourceTitle "EXT 2024"]
[Source "ChessBase"]
[SourceDate "2023.10.10"]
[SourceVersion "1"]
[SourceVersionDate "2023.10.10"]
[SourceQuality "1"]

1. e4 c5 2. Nf3 Nc6 3. c3 Nf6 4. e5 Nd5 5. d4 cxd4 6. cxd4 d6 7. Bc4 Nb6 8. Bb5 a6 9. Bxc6+ bxc6 10. Qc2 Bb7 11. 0-0 e6 12. Nc3 Be7 13. Bf4 0-0 14. exd6 Bxd6 15. Bxd6 Qxd6 16. Ne4 Qd5 17. Nc5 Bc8 18. Rad1 Nd7 19. b3 Nf6 20. Rfe1 a5 21. Ne5 h6 22. Na4 Bb7 23. Nb6 Qd8 24. Nxa8 Qxa8 25. f3 Nd5 26. Rc1 Nb4 27. Qd2 Qa7 28. a3 Nd5 29. Rc5 Rd8 30. Rxa5 Qb6 31. Rc5 Ne7 32. b4 Nf5 33. Re4 f6 34. Nc4 Qc7 35. Ne3 Nd6 36. Rg4 f5 37. Rh4 Qe7 38. g3 Qf6 39. a4 Nf7 40. Qc3 Ng5 41. Kg2 Nf7 42. a5 g5 43. Rh5 Nd6 44. h4 g4 45. fxg4 Ne4 46. Qb3 Rxd4 47. Rhxf5 Rd2+ 48. Kh3 Qxf5 49. Rxf5 Nf2+ 50. Rxf2 Rxf2 51. Qxe6+ Kg7 52. Nf5+ 1-0

[Event "Titled Tuesday intern op 06th Sep Early"]
[Site "Chess.com INT"]
[Date "2022.09.06"]
[Round "5"]
[White "Yen, William"]
[Black "Cardoso Cardoso, Jose Gabriel"]
[Result "0-1"]
[WhiteElo "2056"]
[BlackElo "2502"]
[PlyCount "90"]
[EventDate "2022.09.06"]
[EventType "swiss (blitz)"]
[EventRounds "11"]
[EventCountry "USA"]
[SourceTitle "EXT 2023"]
[Source "ChessBase"]
[SourceDate "2022.10.05"]
[SourceVersion "1"]
[SourceVersionDate "2022.10.05"]
[SourceQuality "1"]

1. e4 g6 2. d4 Bg7 3. Nf3 d6 4. c4 Nf6 5. Nc3 0-0 6. h3 Na6 7. Be3 c6 8. Bd3 e5 9. d5 Nh5 10. Bc2 Nf4 11. 0-0 c5 12. a3 g5 13. Nh2 Qf6 14. Rb1 Qg6 15. b4 b6 16. f3 h5 17. Kh1 Bh6 18. Rg1 Kh8 19. Ba4 f5 20. Bc6 Rb8 21. bxc5 Nxc5 22. Bxc5 dxc5 23. d6 Be6 24. exf5 Bxf5 25. Be4 Rbd8 26. Bxf5 Qxf5 27. Ne4 Rd7 28. Qa4 Rff7 29. Qc6 Ne2 30. Rge1 Nd4 31. Qd5 Bg7 32. Nf1 Qf4 33. Nfg3 h4 34. Nh5 Qf5 35. a4 Nxf3 36. Rf1 g4 37. hxg4 Qxg4 38. Nhf6 Bxf6 39. Rxf3 Rg7 40. Rg1 Bd8 41. Rf8+ Kh7 42. Rxd8 Rdf7 43. Rd7 h3 44. Rxf7 hxg2+ 45. Kh2 Qh4# 0-1

[Event "Titled Tuesday intern op 09th Aug Early"]
[Site "Chess.com INT"]
[Date "2022.08.09"]
[Round "5"]
[White "Yen, William"]
[Black "Fernandez Hernandez, Gerardo"]
[Result "1-0"]
[WhiteElo "2056"]
[BlackElo "2169"]
[PlyCount "55"]
[EventDate "2022.08.09"]
[EventType "swiss (blitz)"]
[EventRounds "11"]
[EventCountry "USA"]
[SourceTitle "EXT 2023"]
[Source "ChessBase"]
[SourceDate "2022.10.05"]
[SourceVersion "1"]
[SourceVersionDate "2022.10.05"]
[SourceQuality "1"]

1. c4 e5 2. Nc3 d6 3. g3 g6 4. Bg2 Bg7 5. e3 c5 6. Nge2 Nc6 7. 0-0 h5 8. d4 Nge7 9. d5 Nb8 10. e4 Nd7 11. a3 h4 12. b4 b6 13. h3 hxg3 14. fxg3 Nf6 15. g4 Bd7 16. Be3 Qc8 17. bxc5 bxc5 18. Ng3 Bxg4 19. hxg4 Nxg4 20. Qf3 f5 21. exf5 gxf5 22. Nb5 Qd7 23. Nxf5 Nxf5 24. Qxg4 Nxe3 25. Qg6+ Kd8 26. Rf7 Rh6 27. Rxd7+ Kxd7 28. Qxg7+ 1-0

[Event "Titled Tuesday intern op 26th Jul Early"]
[Site "Chess.com INT"]
[Date "2022.07.26"]
[Round "5"]
[White "Yen, William"]
[Black "Gonzalez Vega, Alejandro"]
[Result "1-0"]
[WhiteElo "2056"]
[BlackElo "2092"]
[PlyCount "45"]
[EventDate "2022.07.26"]
[EventType "swiss (blitz)"]
[EventRounds "11"]
[EventCountry "USA"]
[SourceTitle "EXT 2023"]
[Source "ChessBase"]
[SourceDate "2022.10.05"]
[SourceVersion "1"]
[SourceVersionDate "2022.10.05"]
[SourceQuality "1"]

1. b3 e5 2. Bb2 d6 3. e3 Nf6 4. c4 Be7 5. Nc3 0-0 6. Nf3 c6 7. Qc2 Bg4 8. h3 Bh5 9. g4 Bg6 10. d3 Nbd7 11. Nh4 Nc5 12. 0-0-0 a5 13. g5 Nh5 14. Nxg6 fxg6 15. h4 d5 16. Be2 Rxf2 17. cxd5 cxd5 18. d4 Ne4 19. Nxe4 dxe4 20. Bc4+ Kh8 21. Qxf2 b5 22. Be2 Rc8+ 23. Kb1 1-0

[Event "Titled Tuesday intern op 21st Jun Early"]
[Site "Chess.com INT"]
[Date "2022.06.21"]
[Round "8"]
[White "Malyi, Viacheslav"]
[Black "Yen, William"]
[Result "1-0"]
[WhiteElo "2429"]
[BlackElo "2056"]
[PlyCount "27"]
[EventDate "2022.06.21"]
[EventType "swiss (blitz)"]
[EventRounds "11"]
[EventCountry "USA"]
[SourceTitle "EXT 2023"]
[Source "ChessBase"]
[SourceDate "2022.10.05"]
[SourceVersion "1"]
[SourceVersionDate "2022.10.05"]
[SourceQuality "1"]

1. e4 e6 2. d4 d5 3. Nc3 Bb4 4. e5 Qd7 5. a3 Bxc3+ 6. bxc3 b6 7. Qg4 f5 8. exf6 Nxf6 9. Qh4 0-0 10. Nf3 c5 11. Bd3 Ba6 12. 0-0 Bxd3 13. Ne5 cxd4 14. Nxd7 1-0

[Event "Titled Tuesday intern op 21st Jun Early"]
[Site "Chess.com INT"]
[Date "2022.06.21"]
[Round "7"]
[White "Yen, William"]
[Black "Harvey, Marcus Ross"]
[Result "0-1"]
[WhiteElo "2056"]
[BlackElo "2454"]
[PlyCount "66"]
[EventDate "2022.06.21"]
[EventType "swiss (blitz)"]
[EventRounds "11"]
[EventCountry "USA"]
[SourceTitle "EXT 2023"]
[Source "ChessBase"]
[SourceDate "2022.10.05"]
[SourceVersion "1"]
[SourceVersionDate "2022.10.05"]
[SourceQuality "1"]

1. e4 c6 2. d4 d5 3. exd5 cxd5 4. Bd3 Nc6 5. c3 e6 6. f4 Bd6 7. Nf3 Nge7 8. 0-0 Qc7 9. Na3 a6 10. Nc2 f6 11. Nh4 g6 12. g3 Bd7 13. b4 Na7 14. Bd2 0-0-0 15. a4 Rdg8 16. b5 a5 17. Ne3 g5 18. fxg5 fxg5 19. Nf3 Kb8 20. c4 dxc4 21. Nxc4 Nd5 22. Bxa5 b6 23. Nxd6 Qxd6 24. Bd2 h6 25. a5 bxa5 26. Rxa5 Nc8 27. Qa4 Ncb6 28. Qa2 g4 29. Ne5 Nc7 30. Ra6 Qxd4+ 31. Kh1 Bc8 32. Rxb6+ Qxb6 33. Bc3 Bb7+ 0-1

[Event "Titled Tuesday intern op 21st Jun Early"]
[Site "Chess.com INT"]
[Date "2022.06.21"]
[Round "2"]
[White "Yilmaz, Mustafa"]
[Black "Yen, William"]
[Result "1-0"]
[WhiteElo "2631"]
[BlackElo "2056"]
[PlyCount "75"]
[EventDate "2022.06.21"]
[EventType "swiss (blitz)"]
[EventRounds "11"]
[EventCountry "USA"]
[SourceTitle "EXT 2023"]
[Source "ChessBase"]
[SourceDate "2022.10.05"]
[SourceVersion "1"]
[SourceVersionDate "2022.10.05"]
[SourceQuality "1"]

1. d4 Nf6 2. c4 g6 3. Nc3 d5 4. Qb3 dxc4 5. Qxc4 Bg7 6. e4 0-0 7. Bf4 Na6 8. Rd1 c5 9. e5 Nh5 10. Be3 cxd4 11. Bxd4 Be6 12. Qb5 Qb8 13. Nf3 Nc7 14. Qc5 Re8 15. h3 Nf4 16. g3 Nfd5 17. Ne4 b6 18. Qa3 Qb7 19. Bd3 a5 20. Neg5 Nb4 21. 0-0 h6 22. Be4 Bd5 23. Bxd5 Ncxd5 24. Ne4 Rac8 25. Qb3 Qd7 26. Kg2 Nc6 27. Rfe1 Nxd4 28. Rxd4 e6 29. Nd6 Qc7 30. Nxe8 Rxe8 31. Qc4 Qb8 32. h4 Rc8 33. Qe2 Kh7 34. a3 Rc5 35. Qd3 Qc7 36. h5 Ne7 37. Rd7 Qc6 38. Rxe7 1-0

[Event "New York Int op 11th"]
[Site "New York"]
[Date "2018.06.14"]
[Round "3"]
[White "Yen, William"]
[Black "Jacobs, Jon"]
[Result "0-1"]
[WhiteElo "1976"]
[BlackElo "2193"]
[PlyCount "52"]
[EventDate "2018.06.13"]
[EventType "swiss"]
[EventRounds "9"]
[EventCountry "USA"]
[SourceTitle "CBM 185 Extra"]
[Source "ChessBase"]
[SourceDate "2018.07.29"]
[SourceVersion "1"]
[SourceVersionDate "2018.07.29"]
[SourceQuality "1"]

1. a3 g6 2. e4 Bg7 3. Nc3 Nc6 4. Nge2 e5 5. g3 Nge7 6. Bg2 0-0 7. d3 d6 8. h4 Nd4 9. Ng1 f5 10. h5 f4 11. hxg6 Nxg6 12. Nd5 c6 13. c3 cxd5 14. cxd4 fxg3 15. fxg3 Qf6 16. Nf3 Bg4 17. 0-0 dxe4 18. Qb3+ Qf7 19. Qxf7+ Rxf7 20. Nh2 Rxf1+ 21. Kxf1 Rf8+ 22. Kg1 Be6 23. Bxe4 exd4 24. Bxb7 Ne5 25. b4 Nxd3 26. Ba6 Nf2 0-1